[Event "30th WCh U20 Girls"]
[Site "Athens GRE"]
[Date "2012.08.12"]
[Round "10"]
[White "Abdulla, Khayala"]
[Black "Anusca, Madalina-Maria"]
[Result "1-0"]
[WhiteElo "2217"]
[BlackElo "2079"]
[EventDate "2012.08.02"]
[PlyCount "77"]

1.e4 c5 2.Nf3 Nc6 3.d4 cxd4 4.Nxd4 g6 5.c4 Nf6 6.Nc3 Nxd4 7.Qxd4 d6 8.Bg5 
Bg7 9.Qd2 O-O 10.Bd3 Be6 11.O-O Rc8 12.b3 Re8 13.f4 a6 14.Rac1 Qa5 15.Be2 
b5 16.f5 Bd7 17.fxg6 hxg6 18.Qf4 Be6 19.Nd5 Bxd5 20.exd5 Qxa2 21.Bxf6 exf6
22.Bf3 f5 23.cxb5 Rxc1 24.Qxc1 axb5 25.Qc6 Qa7+ 26.Kh1 Qb8 27.Qa6 Rc8 28.
Be2 Rc5 29.Rd1 b4 30.Bc4 Be5 31.Qa2 Kg7 32.Qf2 Ra5 33.Re1 Qa8 34.g3 Bc3 
35.Re2 Ra1+ 36.Kg2 Rd1 37.Ra2 Qh8 38.Qf3 Bd4 39.Qxd1 1-0

[Event "30th WCh U20 Girls"]
[Site "Athens GRE"]
[Date "2012.08.12"]
[Round "10"]
[White "Petrova, Irina"]
[Black "De Seroux, Camille"]
[Result "1-0"]
[WhiteElo "2173"]
[BlackElo "2101"]
[EventDate "2012.08.02"]
[PlyCount "119"]

1.d4 Nf6 2.c4 g6 3.Nc3 Bg7 4.e4 d6 5.Nf3 O-O 6.Be2 e5 7.O-O Nc6 8.d5 Ne7 
9.Ne1 Nd7 10.Be3 f5 11.f3 f4 12.Bf2 g5 13.b4 Nf6 14.c5 Rf7 15.a4 Bf8 16.a5
Rg7 17.cxd6 cxd6 18.Nb5 g4 19.Nxa7 gxf3 20.Nxc8 Rxc8 21.Bxf3 Rc4 22.b5 Nc8
23.Qb3 Rcc7 24.a6 bxa6 25.bxa6 Qd7 26.Kh1 Ng4 27.Bg1 Qe7 28.Be2 Qg5 29.
Bxg4 Qxg4 30.Qf3 Qg6 31.Ra2 Na7 32.Bxa7 Rxa7 33.Nc2 Qe8 34.Qe2 Qb8 35.Raa1
Qb6 36.Rfb1 Qc5 37.Nb4 Ra8 38.Nc6 Qc3 39.Rc1 Qb3 40.Rab1 Qa3 41.a7 Rb7 42.
Qf3 Qc5 43.Qd3 Rxb1 44.Rxb1 Qf2 45.h3 Rxa7 46.Nxa7 Qxa7 47.Qf3 Qc7 48.Rb3 
Kh8 49.Rc3 Qd7 50.Rc6 Kg8 51.Qc3 Qb7 52.Kh2 Qf7 53.Rc7 Qg6 54.Qf3 Qg5 55.
Qg4 Qxg4 56.hxg4 Kh8 57.g5 Kg8 58.Kh3 Bg7 59.Rd7 Bf8 60.Kg4 1-0

[Event "30th WCh U20 Girls"]
[Site "Athens GRE"]
[Date "2012.08.12"]
[Round "10"]
[White "Unapkoshvili, Nani"]
[Black "Pavlidou, Ekaterini"]
[Result "1/2-1/2"]
[WhiteElo "2011"]
[BlackElo "2237"]
[EventDate "2012.08.02"]
[PlyCount "62"]

1.d4 Nf6 2.c4 e6 3.g3 d5 4.Bg2 Bb4+ 5.Bd2 Bd6 6.Nf3 c6 7.Qc1 O-O 8.O-O 
Nbd7 9.b3 Ne4 10.Bf4 Bxf4 11.gxf4 f5 12.Nbd2 Qf6 13.Ne5 Nxe5 14.fxe5 Qe7 
15.Nxe4 fxe4 16.Qe3 b6 17.f3 exf3 18.Rxf3 Ba6 19.Raf1 Rxf3 20.Bxf3 dxc4 
21.Bxc6 Rd8 22.Rf2 cxb3 23.axb3 Bb7 24.Be4 Bxe4 25.Qxe4 Qg5+ 26.Kh1 Qc1+ 
27.Kg2 Qg5+ 28.Kh1 Qc1+ 29.Kg2 Qg5+ 30.Kh1 Qc1+ 31.Kg2 Qg5+ 1/2-1/2

[Event "30th WCh U20 Girls"]
[Site "Athens GRE"]
[Date "2012.08.12"]
[Round "10"]
[White "Sargsian, Shushanna"]
[Black "Osmak, Yulia"]
[Result "0-1"]
[WhiteElo "2047"]
[BlackElo "2171"]
[EventDate "2012.08.02"]
[PlyCount "90"]

1.d4 Nc6 2.Nf3 d5 3.Bf4 f6 4.Nbd2 g5 5.Be3 e5 6.Nb3 e4 7.Ng1 Bd6 8.Qc1 
Nge7 9.Bd2 Be6 10.e3 Qd7 11.a3 O-O-O 12.c4 dxc4 13.Bxc4 h5 14.Ne2 h4 15.
Na5 Nxa5 16.Bxa5 Kb8 17.Qc2 Bxc4 18.Qxc4 Qg4 19.Kf1 h3 20.g3 Nf5 21.Ke1 
Qf3 22.Rg1 Nh6 23.Rc1 Rh7 24.Nc3 Ng4 25.Rc2 Qf5 26.Nb5 Nxh2 27.Rh1 Nf3+ 
28.Kd1 Ne5 29.Qe2 Nd3 30.Nxd6 Rxd6 31.Bb4 Rc6 32.g4 Rxc2 33.gxf5 Rxe2 34.
Kxe2 Nxb4 35.axb4 g4 36.Kf1 c6 37.Kg1 Rh5 38.Kh2 Rxf5 39.Kg3 Rf3+ 40.Kxg4 
f5+ 41.Kg5 Kc7 42.Kf6 Kd6 43.Rh2 f4 44.exf4 Rxf4+ 45.Kg5 Rf3 0-1

[Event "30th WCh U20 Girls"]
[Site "Athens GRE"]
[Date "2012.08.12"]
[Round "10"]
[White "Pon Krithikha, Namasivayam"]
[Black "Frey, Alisa"]
[Result "1/2-1/2"]
[WhiteElo "2119"]
[BlackElo "2035"]
[EventDate "2012.08.02"]
[PlyCount "143"]

1.e4 e5 2.Nf3 Nc6 3.Bb5 a6 4.Ba4 Nf6 5.Qe2 b5 6.Bb3 Be7 7.c3 O-O 8.d3 Bb7 
9.Nbd2 d5 10.Nf1 Re8 11.Ng3 Bf8 12.Bg5 Na5 13.Bxd5 Bxd5 14.exd5 h6 15.Bxf6
Qxf6 16.O-O Rad8 17.Qe4 Nb7 18.b4 Qd6 19.c4 Qxb4 20.Rab1 Qa3 21.Qe2 b4 22.
Rfd1 Nc5 23.Ne4 Qa5 24.Nh4 Qb6 25.Qg4 a5 26.Nf5 Kh7 27.Nxc5 Qxc5 28.Ne3 
Qb6 29.d4 exd4 30.Rxd4 Bc5 31.Re4 Qg6 32.Qxg6+ Kxg6 33.Rg4+ Kh7 34.Rg3 Re4
35.Rc1 Rde8 36.Kf1 a4 37.Rf3 Bxe3 38.Rxe3 Rxe3 39.fxe3 Rxe3 40.c5 b3 41.
axb3 axb3 42.d6 cxd6 43.cxd6 Rd3 44.Rb1 Rxd6 45.Rxb3 Rd2 46.Rb6 g5 47.h3 
Kg7 48.Kg1 h5 49.Kh2 h4 50.Ra6 f6 51.Rb6 Kg6 52.Rb5 Re2 53.Ra5 Re5 54.Ra1 
Kf5 55.Rf1+ Ke6 56.Ra1 f5 57.Ra6+ Kd5 58.Ra5+ Ke4 59.Ra4+ Ke3 60.Ra3+ Kf4 
61.Ra4+ Re4 62.Ra8 Rd4 63.Re8 Rd2 64.Re7 g4 65.hxg4 fxg4 66.Rf7+ Ke3 67.
Re7+ Kf2 68.Rf7+ Ke1 69.Rf4 h3 70.Rxg4 hxg2 71.Rxg2 Rxg2+ 72.Kxg2 1/2-1/2

[Event "30th WCh U20 Girls"]
[Site "Athens GRE"]
[Date "2012.08.12"]
[Round "10"]
[White "Lefevre, Margaux"]
[Black "Batkovskyte, Dominyka"]
[Result "0-1"]
[WhiteElo "2043"]
[BlackElo "2096"]
[EventDate "2012.08.02"]
[PlyCount "70"]

1.e4 e6 2.d4 d5 3.Nc3 Nf6 4.Bg5 Be7 5.e5 Nfd7 6.Bxe7 Qxe7 7.f4 O-O 8.Nf3 
c5 9.Qd2 f6 10.exf6 Qxf6 11.g3 Nc6 12.dxc5 Nxc5 13.O-O-O Rd8 14.Bb5 Bd7 
15.Qe3 b6 16.Bxc6 Bxc6 17.Rhe1 Rac8 18.Nd4 Kf7 19.Rd2 Bd7 20.Rf2 Re8 21.
Qd2 Na4 22.Nd1 Kg8 23.Re5 Nc5 24.Nc3 b5 25.Rfe2 b4 26.Nd1 a5 27.Nf2 Qh6 
28.h4 Qf6 29.Kb1 Rb8 30.Nb3 Na4 31.R2e3 Qd8 32.Nd1 Qc7 33.c3 Rec8 34.cxb4 
Rxb4 35.Nd4 Rxd4 0-1

[Event "30th WCh U20 Girls"]
[Site "Athens GRE"]
[Date "2012.08.12"]
[Round "10"]
[White "Narva, Triin"]
[Black "Galunova, Tsveta"]
[Result "1-0"]
[WhiteElo "2028"]
[BlackElo "2091"]
[EventDate "2012.08.02"]
[PlyCount "79"]

1.e4 e5 2.Nc3 Nc6 3.g3 h5 4.d3 Bc5 5.Bg2 d6 6.Na4 Nge7 7.c3 a6 8.Nxc5 dxc5
9.Be3 Qd6 10.Ne2 Be6 11.O-O h4 12.f4 hxg3 13.hxg3 f6 14.Nc1 O-O-O 15.Qa4 
exf4 16.Bxf4 Qd7 17.Qc2 Bh3 18.Nb3 b6 19.Rad1 g5 20.Be3 Qd6 21.Qf2 Bg4 22.
Rd2 Rh6 23.d4 c4 24.Nc1 Rdh8 25.e5 fxe5 26.Bxg5 Rg6 27.dxe5 Qe6 28.Bf6 Rf8
29.Qf4 Nxe5 30.Qe4 Nf3+ 31.Bxf3 Qxe4 32.Bxe4 Rgxf6 33.Rxf6 Rxf6 34.Ne2 Re6
35.Bf3 Bxf3 36.Nd4 Bd5 37.Nxe6 Bxe6 38.Kf2 Nd5 39.Kf3 Kd7 40.g4 1-0

[Event "30th WCh U20 Girls"]
[Site "Athens GRE"]
[Date "2012.08.12"]
[Round "10"]
[White "Ivekovic, Ana"]
[Black "Orozco Lopez, Lina Yomayra"]
[Result "0-1"]
[WhiteElo "1959"]
[BlackElo "2150"]
[EventDate "2012.08.02"]
[PlyCount "76"]

1.d4 Nf6 2.c4 e6 3.Nf3 c5 4.d5 b5 5.dxe6 fxe6 6.cxb5 d5 7.Qa4 Nbd7 8.g3 
Bd6 9.Bg2 O-O 10.O-O Qe7 11.Qc2 Bb7 12.Nh4 Nb6 13.Bg5 d4 14.Nd2 Rac8 15.a4
Bb8 16.Nc4 Bxg2 17.Nxg2 Nbd5 18.Bd2 e5 19.Na5 Bd6 20.Nc4 Bb8 21.Na5 Qd7 
22.Rac1 Qh3 23.f3 e4 24.Nc6 Bd6 25.Qc4 Kh8 26.Nxa7 Rce8 27.Bf4 Nxf4 28.
Nxf4 Bxf4 29.gxf4 Nh5 30.fxe4 Rxf4 31.Rxf4 Nxf4 32.Kf2 Rf8 33.Ke1 Ng2+ 34.
Kd2 Qh6+ 35.Kc2 Ne3+ 36.Kb3 Nxc4 37.Rxc4 Qe6 38.Nc6 Rf2 0-1

[Event "30th WCh U20 Girls"]
[Site "Athens GRE"]
[Date "2012.08.12"]
[Round "10"]
[White "Khaled, Mouna"]
[Black "Nonkovic, Bogdana"]
[Result "1-0"]
[WhiteElo "2121"]
[BlackElo "1950"]
[EventDate "2012.08.02"]
[PlyCount "101"]

1.d4 d5 2.c4 e6 3.Nf3 c5 4.cxd5 exd5 5.g3 Nc6 6.Bg2 Nf6 7.O-O Be7 8.Nc3 
O-O 9.dxc5 d4 10.Na4 Bf5 11.Bf4 Be4 12.Rc1 Qd7 13.Qb3 Rad8 14.Rfd1 Rfe8 
15.Ng5 Bd5 16.Bxd5 Nxd5 17.e4 Bxg5 18.Bxg5 Nde7 19.Nc3 Qg4 20.Bxe7 Rxe7 
21.Nd5 Re6 22.f3 Qg5 23.Nb4 Ne7 24.Rc4 a5 25.Rcxd4 Rxd4 26.Rxd4 Qxc5 27.
Qc4 Qa7 28.Kg2 h6 29.Nd5 Nc6 30.Rd2 Kh7 31.Nf4 Re7 32.Qc3 Qb8 33.Qc5 Re5 
34.Rd5 Re7 35.Rd6 Re5 36.Nd5 Qe8 37.Qb6 Qc8 38.Nc3 Re7 39.f4 Qg4 40.Qc5 
Re8 41.h3 Qc8 42.g4 Kg8 43.e5 h5 44.Kg3 hxg4 45.hxg4 g5 46.Nd5 gxf4+ 47.
Kxf4 Kg7 48.Nb6 Qc7 49.Nd7 Re7 50.Nf6 Kf8 51.Nd5 1-0

[Event "30th WCh U20 Girls"]
[Site "Athens GRE"]
[Date "2012.08.12"]
[Round "10"]
[White "Furtado, Ivana Maria"]
[Black "Liao, Simone"]
[Result "1-0"]
[WhiteElo "2102"]
[BlackElo "1933"]
[EventDate "2012.08.02"]
[PlyCount "109"]

1.d4 d5 2.Nf3 Nf6 3.c4 c6 4.Nc3 dxc4 5.a4 Bf5 6.e3 e6 7.Bxc4 Bb4 8.O-O O-O
9.Nh4 Bg4 10.f3 Bh5 11.g4 Nd5 12.Ng2 Bg6 13.Ne2 h6 14.e4 Nb6 15.Bb3 Qe7 
16.Ngf4 Bh7 17.Nd3 Bd6 18.a5 N6d7 19.e5 Bc7 20.f4 c5 21.f5 Qh4 22.Ng3 cxd4
23.fxe6 Nxe5 24.Nxe5 Bxe5 25.exf7+ Kh8 26.Qf3 Nd7 27.Bd2 Bd6 28.Rae1 Nf6 
29.Be6 Bg6 30.Rf2 Rad8 31.Rg2 Nd7 32.Nf5 Bxf5 33.Qxf5 Nf6 34.g5 hxg5 35.
Qxg5 Qxg5 36.Bxg5 Nh7 37.Bxd8 Rxd8 38.Bb3 Rf8 39.Re4 Bc5 40.Kf1 b6 41.axb6
axb6 42.Ke2 g5 43.Reg4 Kg7 44.h4 Rd8 45.Kd3 Rc8 46.hxg5 Rd8 47.Rf2 Rd7 48.
Re2 Nf8 49.Re8 Ra7 50.Rg1 Rc7 51.g6 Rc6 52.Bd5 Rf6 53.Re2 Rf5 54.Be4 Rf4 
55.Rh2 1-0

[Event "30th WCh U20 Girls"]
[Site "Athens GRE"]
[Date "2012.08.12"]
[Round "10"]
[White "Vatkali, Dimitra"]
[Black "Imeeva, Aisa"]
[Result "1-0"]
[WhiteElo "1936"]
[BlackElo "2095"]
[EventDate "2012.08.02"]
[PlyCount "103"]

1.e4 e5 2.Nf3 Nc6 3.d4 exd4 4.Nxd4 Nf6 5.Nxc6 bxc6 6.e5 Qe7 7.Qe2 Nd5 8.c4
Nb6 9.Nc3 Bb7 10.h4 h6 11.Bf4 O-O-O 12.O-O-O f6 13.exf6 Qxf6 14.Qe5 Qxe5 
15.Bxe5 d6 16.Bd4 c5 17.Be3 c6 18.Ne4 Be7 19.b3 Rhe8 20.Be2 Bf8 21.Bg4+ 
Kb8 22.Bf5 Bc8 23.Bg6 Re6 24.h5 d5 25.Bf4+ Kb7 26.Bg3 Be7 27.Bh4 Rf8 28.
Bxe7 Rxe7 29.Nxc5+ Ka8 30.cxd5 cxd5 31.Nd3 Bb7 32.Rd2 d4 33.f3 Nd5 34.Rh4 
Nc3 35.Kb2 Ne2 36.Nc5 Re3 37.Nxb7 Kxb7 38.Bd3 Nf4 39.Be4+ Kb6 40.Rxd4 Re2+
41.Ka3 Rxg2 42.Rh1 Kc5 43.Rhd1 Rf6 44.Rc4+ Kb5 45.Rb4+ Kc5 46.Ra4 Kb6 47.
Rd7 a5 48.Rc4 Rg5 49.Rc8 Kb5 50.Rb7+ Rb6 51.Bc6+ Kc5 52.Be8+ 1-0

[Event "30th WCh U20 Girls"]
[Site "Athens GRE"]
[Date "2012.08.12"]
[Round "10"]
[White "Kolaric, Spela"]
[Black "Terzidaki, Alexandra"]
[Result "1/2-1/2"]
[WhiteElo "2071"]
[BlackElo "1958"]
[EventDate "2012.08.02"]
[PlyCount "74"]

1.d4 d5 2.Nf3 c6 3.c3 Bf5 4.Bf4 Nd7 5.Nbd2 e6 6.e3 Ne7 7.Nh4 Bg6 8.Nxg6 
hxg6 9.Bd3 Nf5 10.e4 dxe4 11.Nxe4 Be7 12.Qd2 Nf6 13.Nxf6+ Bxf6 14.O-O-O 
Qa5 15.Kb1 O-O-O 16.Qc2 g5 17.Bc1 g6 18.a3 Kb8 19.Rhe1 c5 20.dxc5 Qxc5 21.
Re4 Rd5 22.Rde1 Rhd8 23.Rc4 Qa5 24.Be4 Rb5 25.a4 Nd6 26.axb5 Nxc4 27.Qb3 
Nd2+ 28.Bxd2 Rxd2 29.Rf1 Qb6 30.Qb4 Qd8 31.Bc2 Rd5 32.f4 Be7 33.Qc4 Rc5 
34.Qd3 Rd5 35.Qc4 Rc5 36.Qd3 Rd5 37.Qc4 Rc5 1/2-1/2

[Event "30th WCh U20 Girls"]
[Site "Athens GRE"]
[Date "2012.08.12"]
[Round "10"]
[White "Manelidou, Maria"]
[Black "Cemhan, Kardelen"]
[Result "1-0"]
[WhiteElo "2056"]
[BlackElo "1938"]
[EventDate "2012.08.02"]
[PlyCount "37"]

1.e4 c5 2.Nf3 Nc6 3.Bb5 d6 4.c3 Nf6 5.Qe2 Bg4 6.h3 Bxf3 7.Bxc6+ bxc6 8.
Qxf3 Qb6 9.O-O Nd7 10.Na3 g6 11.Rb1 Bg7 12.d3 Ne5 13.Qg3 Qa6 14.Rd1 c4 15.
dxc4 Nxc4 16.Qd3 d5 17.exd5 cxd5 18.Qxd5 Nb6 19.Qc6+ 1-0

[Event "30th WCh U20 Girls"]
[Site "Athens GRE"]
[Date "2012.08.12"]
[Round "10"]
[White "Messam-Sparks, Lateefah"]
[Black "Bucar, Natasa"]
[Result "0-1"]
[WhiteElo "1947"]
[BlackElo "2022"]
[EventDate "2012.08.02"]
[PlyCount "66"]

1.e4 c5 2.Nc3 Nc6 3.f4 g6 4.Nf3 Bg7 5.Bc4 e6 6.O-O Nge7 7.Qe1 O-O 8.d3 d5 
9.Bb3 a6 10.a4 Nd4 11.Kh1 Nec6 12.Qf2 Nxf3 13.Qxf3 Nd4 14.Qf2 Nxb3 15.cxb3
b6 16.Qg3 f5 17.e5 d4 18.Nb1 Bb7 19.Nd2 b5 20.Qf2 Bd5 21.Kg1 Qd7 22.b4 
bxa4 23.bxc5 Rfc8 24.Qxd4 Bf8 25.Qxa4 Bxc5+ 26.Kh1 Qb7 27.Rf3 Bxf3 28.Nxf3
Qb5 29.Qa2 Rc6 30.Ng5 Qxd3 31.Bd2 Qxd2 32.Nxe6 Kh8 33.Ng5 Be3 0-1

[Event "30th WCh U20 Girls"]
[Site "Athens GRE"]
[Date "2012.08.12"]
[Round "10"]
[White "Serefidou, Despina"]
[Black "Ibrahimova, Sabina"]
[Result "0-1"]
[WhiteElo "1865"]
[BlackElo "2091"]
[EventDate "2012.08.02"]
[PlyCount "84"]

1.e4 c5 2.Nf3 Nc6 3.d4 cxd4 4.Nxd4 g6 5.c4 Nf6 6.Nc3 d6 7.f3 Nxd4 8.Qxd4 
Bg7 9.Be3 O-O 10.Qd2 a5 11.b3 Bd7 12.Rc1 Bc6 13.Be2 Nd7 14.O-O Nc5 15.Nd5 
e6 16.Nc3 Be5 17.Rfd1 Qe7 18.Bg5 f6 19.Bf4 Bxf4 20.Qxf4 Rad8 21.Rb1 Kg7 
22.a3 e5 23.Qh4 Ne6 24.b4 axb4 25.axb4 Nd4 26.Bf1 Ra8 27.b5 Bd7 28.Nd5 Qf7
29.Qf2 Be6 30.b6 Ra5 31.Rdc1 Qd7 32.Qb2 Qc6 33.Ra1 Rfa8 34.Rxa5 Rxa5 35.
Rb1 Qc5 36.Kh1 Qa3 37.Qxa3 Rxa3 38.Kg1 Ra2 39.Nc7 Kf7 40.Nb5 Nxb5 41.Rxb5 
Ra1 42.Kf2 Rxf1+ 0-1

[Event "30th WCh U20 Girls"]
[Site "Athens GRE"]
[Date "2012.08.12"]
[Round "10"]
[White "Lolici, Iselin-Amanda"]
[Black "Koutsogiannopoulou, Theodora"]
[Result "1-0"]
[WhiteElo "1967"]
[BlackElo "1897"]
[EventDate "2012.08.02"]
[PlyCount "79"]

1.c4 g6 2.g3 Bg7 3.Bg2 e5 4.Nc3 d6 5.e3 Nc6 6.Nge2 f5 7.d3 Nf6 8.O-O O-O 
9.Rb1 a5 10.a3 Ne7 11.b4 axb4 12.Rxb4 c6 13.Na4 d5 14.Nb6 Ra6 15.Qb3 Be6 
16.Na4 Qa5 17.Rxb7 Nc8 18.cxd5 cxd5 19.Nec3 d4 20.Qb4 dxc3 21.Nc5 Qxb4 22.
axb4 Rd6 23.Ba3 Bd5 24.Bxd5+ Nxd5 25.b5 Rfd8 26.Rc1 Rb6 27.e4 fxe4 28.dxe4
Nf6 29.Rxc3 Nxe4 30.Rxg7+ Kxg7 31.Nxe4 Rxb5 32.Rc7+ Kh6 33.Bc1+ g5 34.
Bxg5+ Kg6 35.Bxd8 Rb1+ 36.Kg2 Kf5 37.Rxc8 Kxe4 38.Bf6 Kf5 39.Bh8 Re1 40.
Rc5 1-0

[Event "30th WCh U20 Girls"]
[Site "Athens GRE"]
[Date "2012.08.12"]
[Round "10"]
[White "Chiarion, Elisa"]
[Black "Owens, Megan"]
[Result "0-1"]
[WhiteElo "1978"]
[BlackElo "1816"]
[EventDate "2012.08.02"]
[PlyCount "54"]

1.e4 c5 2.Nf3 g6 3.d4 cxd4 4.Qxd4 Nf6 5.e5 Nc6 6.Qa4 Nd5 7.Qb3 Nb6 8.Bf4 
Bg7 9.Nc3 d6 10.exd6 e5 11.Bg5 Qxd6 12.Rd1 Qe6 13.Qa3 Bf8 14.Nb5 Bxa3 15.
Nc7+ Kf8 16.Nxe6+ Bxe6 17.bxa3 Kg7 18.Bb5 f6 19.Bxc6 bxc6 20.Rd6 Rhe8 21.
Bh4 g5 22.Bg3 Bd5 23.O-O Re7 24.Nd2 Rae8 25.c4 Nc8 26.cxd5 Nxd6 27.dxc6 
Rc8 0-1

[Event "30th WCh U20 Girls"]
[Site "Athens GRE"]
[Date "2012.08.12"]
[Round "10"]
[White "Kalaydina, Regina Veronicka"]
[Black "Forsa, Elise"]
[Result "0-1"]
[WhiteElo "1928"]
[BlackElo "1836"]
[EventDate "2012.08.02"]
[PlyCount "62"]

1.d4 d5 2.c4 c6 3.Nc3 Nf6 4.e3 e6 5.Nf3 Nbd7 6.Bd3 dxc4 7.Bxc4 b5 8.Bd3 a6
9.O-O Bb7 10.Qe2 c5 11.Rd1 cxd4 12.Nxd4 Be7 13.a3 Qc7 14.Bd2 O-O 15.Rac1 
Qb6 16.Bb1 Rac8 17.Be1 Rfd8 18.e4 Nc5 19.e5 Nd5 20.Nxd5 Bxd5 21.Rc3 Qb7 
22.Rg3 Be4 23.Bxe4 Qxe4 24.Qxe4 Nxe4 25.Re3 Nc5 26.b4 Na4 27.Red3 Nb2 28.
Nc6 Nxd1 29.Nxe7+ Kf8 30.Nxc8 Rxd3 31.Kf1 Rxa3 0-1

[Event "30th WCh U20 Girls"]
[Site "Athens GRE"]
[Date "2012.08.12"]
[Round "10"]
[White "Moura, Danielle Sena"]
[Black "Medeiros, Thauane Ferreira"]
[Result "1/2-1/2"]
[WhiteElo "1876"]
[BlackElo "1855"]
[EventDate "2012.08.02"]
[PlyCount "62"]

1.d4 d5 2.c4 e6 3.Nc3 Nf6 4.Bg5 Be7 5.e3 O-O 6.Nf3 c6 7.Rc1 h6 8.Bh4 Nbd7 
9.Bd3 dxc4 10.Bxc4 Nd5 11.Bxe7 Qxe7 12.O-O Nxc3 13.Rxc3 e5 14.dxe5 Nxe5 
15.Nxe5 Qxe5 16.Qb3 b6 17.Rd1 Qf6 18.h3 Re8 19.Rc2 Be6 20.Bxe6 Qxe6 21.
Qxe6 Rxe6 22.Rcd2 Rae8 23.Rd7 R6e7 24.Kf1 Kf8 25.Ke2 c5 26.Rxe7 Kxe7 27.e4
Ke6 28.Ke3 Re7 29.f4 Rd7 30.Rxd7 Kxd7 31.Kd3 b5 1/2-1/2

[Event "30th WCh U20 Girls"]
[Site "Athens GRE"]
[Date "2012.08.12"]
[Round "10"]
[White "Tuzi, Bruna"]
[Black "Edes, Zsofia"]
[Result "0-1"]
[WhiteElo "1546"]
[BlackElo "2081"]
[EventDate "2012.08.02"]
[PlyCount "80"]

1.e4 c5 2.Nc3 a6 3.f4 b5 4.a3 g6 5.Nf3 Bg7 6.Be2 e6 7.O-O Nc6 8.Kh1 Nge7 
9.Qe1 d5 10.d3 Bb7 11.Qf2 Nd4 12.Bd1 O-O 13.Re1 a5 14.Ne2 Nxf3 15.Qxf3 b4 
16.c3 dxe4 17.dxe4 Qc7 18.Ng3 Qb6 19.Qe3 Rfd8 20.Bf3 Qb5 21.a4 Qb6 22.Bd2 
Qc7 23.Rac1 c4 24.Red1 Rd3 25.Qf2 Rad8 26.Be1 Qxf4 27.Rxd3 Rxd3 28.Rb1 Bc6
29.Qc5 Qd6 30.Qxa5 bxc3 31.bxc3 h5 32.Qb4 Qd7 33.a5 h4 34.Nf1 h3 35.Be2 
hxg2+ 36.Kxg2 Bxe4+ 37.Kg1 Rd5 38.Qxc4 Bxb1 39.Bf3 Rxa5 40.Ng3 Bd3 0-1

[Event "30th WCh U20 Girls"]
[Site "Athens GRE"]
[Date "2012.08.12"]
[Round "10"]
[White "Psofimi, Milia"]
[Black "York-Andersen, Anna"]
[Result "0-1"]
[WhiteElo "1437"]
[BlackElo "1828"]
[EventDate "2012.08.02"]
[PlyCount "64"]

1.e4 c6 2.d4 d5 3.exd5 cxd5 4.Nc3 Nf6 5.Nf3 Nc6 6.a3 Bg4 7.Qd3 e6 8.Be2 
Be7 9.Bf4 a6 10.h3 Bxf3 11.Bxf3 Bd6 12.Be3 Na5 13.Nd1 Nc4 14.Qb3 Qc7 15.
Be2 b5 16.Bc1 O-O 17.Qf3 Qa5+ 18.c3 Qc7 19.Bd3 e5 20.Bxc4 dxc4 21.dxe5 
Bxe5 22.O-O Rad8 23.Re1 Rd3 24.Qf5 Rd5 25.Qf3 Rfd8 26.Bg5 Bh2+ 27.Kh1 Rxg5
28.g3 Bxg3 29.fxg3 Rxg3 30.Qf2 Rxh3+ 31.Kg2 Ng4 32.Qe2 Qg3+ 0-1

[Event "30th WCh U20 Girls"]
[Site "Athens GRE"]
[Date "2012.08.13"]
[Round "11"]
[White "Arabidze, Meri"]
[Black "Cori Tello, Deysi"]
[Result "0-1"]
[WhiteElo "2379"]
[BlackElo "2413"]
[EventDate "2012.08.02"]
[PlyCount "70"]

1.d4 d6 2.c4 g6 3.Nc3 Bg7 4.e4 Nc6 5.d5 Nd4 6.Be3 c5 7.dxc6 Nxc6 8.Be2 Nf6
9.h3 O-O 10.Nf3 Nd7 11.O-O Nc5 12.Qc2 Bd7 13.Nd5 f5 14.exf5 Bxf5 15.Qd2 
Ne4 16.Qc1 Qd7 17.Re1 Rac8 18.Bh6 e6 19.Bxg7 Qxg7 20.Ne3 Nc5 21.Rd1 Rcd8 
22.Qd2 a5 23.Nxf5 gxf5 24.Nd4 Nxd4 25.Qxd4 Rf6 26.b3 Kh8 27.Bf1 e5 28.Qc3 
Ne4 29.Qf3 Ng5 30.Qd3 Rh6 31.g3 f4 32.g4 f3 33.Qf5 Rf8 34.Qd3 Nxh3+ 35.
Bxh3 Rxh3 0-1

[Event "30th WCh U20 Girls"]
[Site "Athens GRE"]
[Date "2012.08.13"]
[Round "11"]
[White "Bulmaga, Irina"]
[Black "Guo Qi"]
[Result "1/2-1/2"]
[WhiteElo "2380"]
[BlackElo "2358"]
[EventDate "2012.08.02"]
[PlyCount "91"]

1.e4 c6 2.d4 d5 3.e5 Bf5 4.Nf3 e6 5.Be2 c5 6.Be3 Qb6 7.Nc3 Nc6 8.dxc5 Bxc5
9.Bxc5 Qxc5 10.Nb5 Kf8 11.c3 Nge7 12.Nbd4 Be4 13.Ng5 Nxd4 14.Nxe4 dxe4 15.
Qxd4 Qxd4 16.cxd4 Nc6 17.O-O-O Rd8 18.Rhe1 Ke7 19.Bf1 Rxd4 20.Rxd4 Nxd4 
21.Rxe4 Rc8+ 22.Kd2 Nc6 23.Bb5 a6 24.Bxc6 Rxc6 25.Re3 Rc5 26.Rb3 Rd5+ 27.
Kc2 Rc5+ 28.Rc3 Rxe5 29.Rc7+ Kf6 30.Rxb7 Re2+ 31.Kc3 Rxf2 32.Ra7 Rxg2 33.
Rxa6 Rxh2 34.b4 g5 35.b5 g4 36.b6 Rh1 37.Ra4 Rb1 38.Rb4 Rxb4 39.Kxb4 g3 
40.b7 g2 41.b8=Q g1=Q 42.Qd8+ Kg7 43.a4 Qb1+ 44.Kc4 Qc2+ 45.Kb4 Qb2+ 46.
Kc4 1/2-1/2

[Event "30th WCh U20 Girls"]
[Site "Athens GRE"]
[Date "2012.08.13"]
[Round "11"]
[White "Ziaziulkina, Nastassia"]
[Black "Wang Jue"]
[Result "1-0"]
[WhiteElo "2342"]
[BlackElo "2355"]
[EventDate "2012.08.02"]
[PlyCount "73"]

1.e4 c5 2.Nf3 d6 3.d4 cxd4 4.Nxd4 Nf6 5.Nc3 e6 6.g4 Nc6 7.g5 Nd7 8.h4 Be7 
9.Be3 O-O 10.Qe2 a6 11.O-O-O Nxd4 12.Bxd4 b5 13.a3 Qa5 14.f4 b4 15.axb4 
Qxb4 16.f5 Rb8 17.Nb1 Ne5 18.f6 Bd8 19.Rh3 Qa5 20.fxg7 Re8 21.Ra3 Qc7 22.
Nd2 Bb7 23.Kb1 Be7 24.Rc3 Qa5 25.Bg2 Ba8 26.Qf2 Bd8 27.Nb3 Qb4 28.Rf1 Bb6 
29.Bxb6 Qxb6 30.Qf6 a5 31.g6 Rb7 32.gxh7+ Kxh7 33.Rg3 Qb5 34.Rg5 Qe2 35.
Rf3 Qe1+ 36.Ka2 Qxh4 37.Rh3 1-0

[Event "30th WCh U20 Girls"]
[Site "Athens GRE"]
[Date "2012.08.13"]
[Round "11"]
[White "Kashlinskaya, Alina"]
[Black "Abdulla, Khayala"]
[Result "0-1"]
[WhiteElo "2391"]
[BlackElo "2217"]
[EventDate "2012.08.02"]
[PlyCount "94"]

1.d4 Nf6 2.c4 e6 3.Nc3 Bb4 4.e3 O-O 5.Bd3 c5 6.Nf3 Bxc3+ 7.bxc3 Nc6 8.O-O 
d6 9.e4 e5 10.d5 Ne7 11.Nh4 h6 12.g3 Bh3 13.Ng2 Ng6 14.Rb1 b6 15.Rb2 Qd7 
16.Re1 Rae8 17.Ne3 Nh7 18.Kh1 Qd8 19.Qh5 Ng5 20.Qe2 Qf6 21.Nf5 Bxf5 22.
exf5 e4 23.Bxg5 Qxf5 24.Bxe4 Qxg5 25.f4 Nxf4 26.gxf4 Qxf4 27.Qg2 f5 28.Rf2
Qh4 29.h3 Rxe4 30.Rxe4 Qxe4 31.Re2 Qxc4 32.Qf3 Rf6 33.Rg2 Qh4 34.Qe3 Qe4 
35.Qg3 Qe7 36.c4 f4 37.Qf3 Rf5 38.Kh2 Qe3 39.Qg4 Rg5 40.Qc8+ Kh7 41.Rxg5 
hxg5 42.Qf5+ Kh6 43.Qd7 Qg3+ 44.Kh1 f3 45.Qe6+ g6 46.Qg4 Qe1+ 47.Kh2 f2 
0-1

[Event "30th WCh U20 Girls"]
[Site "Athens GRE"]
[Date "2012.08.13"]
[Round "11"]
[White "Sihite, Chelsie Monica"]
[Black "Bodnaruk, Anastasia"]
[Result "0-1"]
[WhiteElo "2162"]
[BlackElo "2414"]
[EventDate "2012.08.02"]
[PlyCount "114"]

1.e4 c5 2.Nf3 d6 3.d4 cxd4 4.Nxd4 Nf6 5.Nc3 a6 6.f3 e5 7.Nb3 Be7 8.Be3 Be6
9.Qd2 Nbd7 10.O-O-O O-O 11.g4 b5 12.g5 Nh5 13.Rg1 b4 14.Nd5 Bxd5 15.Qxd5 
a5 16.Kb1 a4 17.Nd2 Ra5 18.Qc6 d5 19.Nc4 Nb8 20.Qb7 d4 21.Nxa5 Qxa5 22.
Qxe7 dxe3 23.g6 hxg6 24.Bc4 Nc6 25.Bxf7+ Rxf7 26.Qe8+ Rf8 27.Qe6+ Kh8 28.
Qxg6 Qc7 29.Qxh5+ Kg8 30.f4 Nd4 31.Rxd4 exd4 32.Qd5+ Rf7 33.e5 Qd7 34.Qc4 
Qf5 35.Qxd4 Qxf4 36.Qxf4 Rxf4 37.Kc1 Kf7 38.Re1 Rf3 39.Kd1 Rh3 40.b3 a3 
41.Ke2 Rxh2+ 42.Kxe3 Rxc2 43.e6+ Ke7 44.Kd3 Rxa2 45.Rg1 Kxe6 46.Rxg7 Ra1 
47.Kc2 Rh1 48.Ra7 a2 49.Rxa2 Rh2+ 50.Kb1 Rxa2 51.Kxa2 Kd5 52.Kb1 Kd4 53.
Kc2 Ke3 54.Kb2 Kd2 55.Ka2 Kc2 56.Ka1 Kxb3 57.Kb1 Ka3 0-1

[Event "30th WCh U20 Girls"]
[Site "Athens GRE"]
[Date "2012.08.13"]
[Round "11"]
[White "Goryachkina, Aleksandra"]
[Black "Kulkarni, Bhakti Pradip"]
[Result "1-0"]
[WhiteElo "2361"]
[BlackElo "2159"]
[EventDate "2012.08.02"]
[PlyCount "77"]

1.d4 Nf6 2.c4 g6 3.Nc3 Bg7 4.e4 d6 5.f3 c6 6.Nge2 O-O 7.Be3 e5 8.d5 c5 9.
Qd2 Ne8 10.Nc1 f5 11.Nd3 Qa5 12.Be2 Nd7 13.a3 fxe4 14.fxe4 a6 15.Nf2 Qd8 
16.h4 Ndf6 17.g4 b5 18.h5 Rf7 19.hxg6 hxg6 20.g5 Nh7 21.Ng4 bxc4 22.Nh6+ 
Bxh6 23.gxh6 Rb8 24.Bxc4 Nef6 25.O-O-O Rfb7 26.Rdg1 Ng4 27.Nd1 Qe8 28.Bxa6
Ra7 29.Bxc8 Qxc8 30.Rh4 Nhf6 31.Qg2 Kh7 32.Bg5 Qe8 33.Rxg4 Nxg4 34.Qxg4 
Ra4 35.Nc3 Rc4 36.Qe6 Qf8 37.Bd2 Qg8 38.Qe7+ Kh8 39.Bg5 1-0

[Event "30th WCh U20 Girls"]
[Site "Athens GRE"]
[Date "2012.08.13"]
[Round "11"]
[White "Semenova, Elena"]
[Black "Vojinovic, Jovana"]
[Result "0-1"]
[WhiteElo "2134"]
[BlackElo "2337"]
[EventDate "2012.08.02"]
[PlyCount "78"]

1.e4 c5 2.Nf3 d6 3.d4 cxd4 4.Nxd4 Nf6 5.Nc3 Bd7 6.Bg5 e6 7.Qd2 a6 8.f4 h6 
9.Bxf6 Qxf6 10.O-O-O Nc6 11.Nf3 O-O-O 12.Na4 Be8 13.Kb1 g5 14.fxg5 hxg5 
15.Qxg5 Qxg5 16.Nxg5 Ne5 17.Nc3 Ng4 18.Re1 Nf2 19.Rg1 Bg7 20.Be2 Bf6 21.
Nf3 Bxc3 22.bxc3 Nxe4 23.Kb2 Nc5 24.g3 Bc6 25.h4 b5 26.Ng5 Rd7 27.Rgf1 
Na4+ 28.Ka3 Rg8 29.Bh5 f5 30.Rxe6 Bd5 31.Re3 Nb6 32.Be2 Rf8 33.Bd3 Rc7 34.
Be2 Bc4 35.Ne4 Nd5 36.Nxd6+ Kd7 37.Nxc4 Nxe3 38.Nb6+ Kc6 39.Rf3 Re7 0-1